Future Scope: (Record no. 328803)

000 -LEADER
fixed length control field nam a22 7a 4500
003 - CONTROL NUMBER IDENTIFIER
control field Nust
005 - DATE AND TIME OF LATEST TRANSACTION
control field 20170417133914.0
008 - FIXED-LENGTH DATA ELEMENTS--GENERAL INFORMATION
fixed length control field 170417b xxu||||| |||| 00| 0 eng d
040 ## - CATALOGING SOURCE
Transcribing agency 0
082 ## - DEWEY DECIMAL CLASSIFICATION NUMBER
Classification number 363.70525 GIL
100 ## - MAIN ENTRY--PERSONAL NAME
Personal name Gilani,Masroor Mohsin
245 ## - TITLE STATEMENT
Title Future Scope:
Remainder of title Environmentalism and sustainability
Statement of responsibility, etc. Masroor Mohsin Gilani
260 ## - PUBLICATION, DISTRIBUTION, ETC.
Place of publication, distribution, etc. Islamabad
Name of publisher, distributor, etc. National Book Foundation
Date of publication, distribution, etc. 1992.
300 ## - PHYSICAL DESCRIPTION
Extent 102p.
500 ## - GENERAL NOTE
General note P.B
942 ## - ADDED ENTRY ELEMENTS (KOHA)
Source of classification or shelving scheme
Koha item type Book
Call number prefix 363.70525 GIL
Holdings
Withdrawn status Lost status Source of classification or shelving scheme Damaged status Not for loan Collection code Permanent Location Current Location Shelving location Date acquired Total Checkouts Full call number Barcode Date last seen Price effective from Koha item type
            Institute of Environmental Science and Engineering (IESE) Institute of Environmental Science and Engineering (IESE) General Stacks 04/17/2017   363.70525 GIL IESE-1612 04/17/2017 04/17/2017 Book
© 2023 Central Library, National University of Sciences and Technology. All Rights Reserved.